UEFA Team of the Year 2011 - Statistics

General Stats
  • This quiz has been taken 100 times
  • The average score is 12 of 12
Answer Stats
Position Nationality Club Answer % Correct
ST Portugal Real Madrid Cristiano Ronaldo
100%
LM Wales Tottenham Hotspur Gareth Bale
100%
ST Argentina Barcelona Lionel Messi
100%
CM Spain Barcelona Xavi
100%
CM Spain Barcelona Andrés Iniesta
99%
RB Brazil Barcelona Dani Alves
99%
GK Spain Real Madrid Iker Casillas
99%
RM Netherlands Bayern Munich Arjen Robben
97%
LB Brazil Real Madrid Marcelo
97%
CB Spain Barcelona Gerard Piqué
95%
Manager Spain Barcelona Pep Guardiola
92%
CB Brazil AC Milan Thiago Silva
91%
No matching quizzes found
Score Distribution
Percent of People with Each Score
Percentile by Number Answered
Your Score History
You have not taken this quiz